Biblical authority or biblical tyranny : (Record no. 119912)
[ view plain ]
| 000 -LEADER | |
|---|---|
| fixed length control field | 01089cam a2200313 a 4500 |
| 001 - CONTROL NUMBER | |
| control field | 4482645 |
| 003 - CONTROL NUMBER IDENTIFIER | |
| control field | ARRUPE |
| 005 - DATE AND TIME OF LATEST TRANSACTION | |
| control field | 20140204141939.0 |
| 008 - FIXED-LENGTH DATA ELEMENTS--GENERAL INFORMATION | |
| fixed length control field | 940421s1994 mau 000 0 eng |
| 010 ## - LIBRARY OF CONGRESS CONTROL NUMBER | |
| LC control number | 93043184 |
| 020 ## - INTERNATIONAL STANDARD BOOK NUMBER | |
| International Standard Book Number | 156101088X (Cowley : alk. paper) |
| 020 ## - INTERNATIONAL STANDARD BOOK NUMBER | |
| International Standard Book Number | 1563380854 (Trinity : alk. paper) |
| 035 ## - SYSTEM CONTROL NUMBER | |
| System control number | (OCoLC)29386454 |
| 035 ## - SYSTEM CONTROL NUMBER | |
| System control number | (OCoLC)ocm29386454 |
| 035 ## - SYSTEM CONTROL NUMBER | |
| System control number | (NNC)4482645 |
| 040 ## - CATALOGING SOURCE | |
| Original cataloging agency | DLC |
| Transcribing agency | DLC |
| Modifying agency | NNUT |
| 050 00 - LIBRARY OF CONGRESS CALL NUMBER | |
| Classification number | BS480 |
| Item number | .C66 1994 |
| 090 ## - LOCALLY ASSIGNED LC-TYPE CALL NUMBER (OCLC); LOCAL CALL NUMBER (OCLC) | |
| Classification number (OCLC) (R) ; Classification number, CALL (RLIN) (NR) | BS480 |
| Local cutter number (OCLC) ; Book number/undivided call number, CALL (RLIN) | .C66 1994 |
| 300 ## - PHYSICAL DESCRIPTION | |
| Dimensions | 22 cm. |
| 100 1# - MAIN ENTRY--PERSONAL NAME | |
| Personal name | Countryman, Louis William, |
| Dates associated with a name | 1941- |
| 9 (RLIN) | 7837 |
| 245 10 - TITLE STATEMENT | |
| Title | Biblical authority or biblical tyranny : |
| Remainder of title | scripture and the Christian pilgrimage / |
| Statement of responsibility, etc | by L. William Countryman. |
| 250 ## - EDITION STATEMENT | |
| Edition statement | Rev. ed. |
| 260 ## - PUBLICATION, DISTRIBUTION, ETC. (IMPRINT) | |
| Place of publication, distribution, etc | Valley Forge, Pa. : |
| Name of publisher, distributor, etc | Trinity Press International ; |
| Place of publication, distribution, etc | Cambridge, Mass. : |
| Name of publisher, distributor, etc | Cowley Publications, |
| Date of publication, distribution, etc | c1994. |
| 300 ## - PHYSICAL DESCRIPTION | |
| Extent | xi, 125 p. ; |
| 630 00 - SUBJECT ADDED ENTRY--UNIFORM TITLE | |
| Uniform title | Bible |
| General subdivision | Evidences, authority, etc. |
| 9 (RLIN) | 7838 |
| 630 00 - SUBJECT ADDED ENTRY--UNIFORM TITLE | |
| Uniform title | Bible |
| General subdivision | Criticism, interpretation, etc. |
| 9 (RLIN) | 7839 |
| 650 #0 - SUBJECT ADDED ENTRY--TOPICAL TERM | |
| Topical term or geographic name as entry element | Fundamentalism |
| Form subdivision | Controversial literature. |
| 9 (RLIN) | 7840 |
| 942 ## - ADDED ENTRY ELEMENTS (KOHA) | |
| Source of classification or shelving scheme | Library of Congress Classification |
| Koha item type | Monograph ( Printed materials) |
| Withdrawn status | Lost status | Source of classification or shelving scheme | Damaged status | Not for loan | Collection code | Home library | Current library | Shelving location | Date acquired | Total Checkouts | Full call number | Barcode | Date last seen | Price effective from | Koha item type |
|---|---|---|---|---|---|---|---|---|---|---|---|---|---|---|---|
| Library of Congress Classification | Main Collection | ARRUPE LIBRARY | ARRUPE LIBRARY | Main Collection | 04/02/2014 | BS480 .C66 1994 | 46411966 | 07/12/2016 | 04/02/2014 | Monograph ( Printed materials) |